<?xml version="1.0" encoding="UTF-8"?>
<record
    xmlns:xsi="http://www.w3.org/2001/XMLSchema-instance"
    xsi:schemaLocation="http://www.loc.gov/MARC21/slim http://www.loc.gov/standards/marcxml/schema/MARC21slim.xsd"
    xmlns="http://www.loc.gov/MARC21/slim">

  <leader>01104nam a22002417a 4500</leader>
  <controlfield tag="005">20150915122814.0</controlfield>
  <controlfield tag="008">090728t        xxu||||| |||| 00| 0 pun d</controlfield>
  <datafield tag="010" ind1=" " ind2=" ">
    <subfield code="a">PUN-              B-578141-144</subfield>
  </datafield>
  <datafield tag="020" ind1=" " ind2=" ">
    <subfield code="c">150.00</subfield>
  </datafield>
  <datafield tag="035" ind1=" " ind2=" ">
    <subfield code="a">PN-                  B-578141-144</subfield>
  </datafield>
  <datafield tag="037" ind1=" " ind2=" ">
    <subfield code="b">DBAD / PUB</subfield>
  </datafield>
  <datafield tag="037" ind1=" " ind2=" ">
    <subfield code="b">BPPD/VEN/Reaserchko Books</subfield>
  </datafield>
  <datafield tag="040" ind1=" " ind2=" ">
    <subfield code="a">dpl</subfield>
    <subfield code="b">pn</subfield>
  </datafield>
  <datafield tag="082" ind1=" " ind2=" ">
    <subfield code="a">954.07</subfield>
  </datafield>
  <datafield tag="100" ind1=" " ind2=" ">
    <subfield code="a">&#xA1C;&#xA17;&#xA24;&#xA3E;&#xA30; &#xA38;&#xA3F;&#xA70;&#xA18; &#xA30;&#xA3E;&#xA0F;</subfield>
  </datafield>
  <datafield tag="245" ind1=" " ind2=" ">
    <subfield code="a">&#xA38;&#xA3C;&#xA39;&#xA40;&#xA26;-&#xA0F; &#xA06;&#xA1C;&#xA3C;&#xA2E; &#xA2D;&#xA17;&#xA24; &#xA38;&#xA3F;&#xA70;&#xA18; &#xA1C;&#xA40; &#xA26;&#xA47; &#xA28;&#xA3E;&#xA28;&#xA15;&#xA3E; &#xA2A;&#xA3F;&#xA70;&#xA21; &#xA2E;&#xA4B;&#xA30;&#xA3E;&#xA02;&#xA35;&#xA3E;&#xA32;&#xA40; &#xA26;&#xA3E; &#xA17;&#xA4B;&#xA30;&#xA35;&#xA2E;&#xA08; &#xA07;&#xA24;&#xA3F;&#xA39;&#xA3E;&#xA38; /</subfield>
    <subfield code="c">&#xA1C;&#xA17;&#xA24;&#xA3E;&#xA30; &#xA38;&#xA3F;&#xA70;&#xA18; &#xA30;&#xA3E;&#xA0F;</subfield>
  </datafield>
  <datafield tag="246" ind1=" " ind2=" ">
    <subfield code="a">Saheede- e azam Bhagat singh ji deNanke pind moranwali da gorav mayee itihaas</subfield>
    <subfield code="b">by Jagtar Singh Rai</subfield>
  </datafield>
  <datafield tag="260" ind1=" " ind2=" ">
    <subfield code="a">Amritsar</subfield>
    <subfield code="b">Azad Book Depot</subfield>
    <subfield code="c">2012</subfield>
  </datafield>
  <datafield tag="270" ind1=" " ind2=" ">
    <subfield code="b">Amritsar</subfield>
    <subfield code="a">Haal Bazar,</subfield>
    <subfield code="k">0183-2292513</subfield>
  </datafield>
  <datafield tag="300" ind1="4" ind2=" ">
    <subfield code="a">112p.</subfield>
    <subfield code="c">22&#xA38;&#xA47;&#xA02;&#xA2E;&#xA40; (&#xA38;&#xA1C;&#xA3F;&#xA32;&#xA71;&#xA26;)</subfield>
  </datafield>
  <datafield tag="942" ind1=" " ind2=" ">
    <subfield code="2">ddc</subfield>
    <subfield code="c">PN</subfield>
    <subfield code="h">954.07</subfield>
    <subfield code="m">&#xA1C;&#xA17;&#xA24;&#xA3E;</subfield>
  </datafield>
  <datafield tag="999" ind1=" " ind2=" ">
    <subfield code="c">88125</subfield>
    <subfield code="d">88125</subfield>
  </datafield>
  <datafield tag="952" ind1=" " ind2=" ">
    <subfield code="0">0</subfield>
    <subfield code="1">0</subfield>
    <subfield code="2">ddc</subfield>
    <subfield code="4">0</subfield>
    <subfield code="7">0</subfield>
    <subfield code="8">NFIC</subfield>
    <subfield code="a">DBAD</subfield>
    <subfield code="b">DBAD</subfield>
    <subfield code="d">2014-08-29</subfield>
    <subfield code="e">DBAD / PUB</subfield>
    <subfield code="g">150.00</subfield>
    <subfield code="l">0</subfield>
    <subfield code="o">954.07 &#xA1C;&#xA17;&#xA24;&#xA3E;</subfield>
    <subfield code="r">2014-08-29 00:00:00</subfield>
    <subfield code="t">1</subfield>
    <subfield code="v">150.00</subfield>
    <subfield code="w">2014-08-29</subfield>
    <subfield code="y">PN</subfield>
  </datafield>
  <datafield tag="952" ind1=" " ind2=" ">
    <subfield code="0">0</subfield>
    <subfield code="1">0</subfield>
    <subfield code="2">ddc</subfield>
    <subfield code="4">0</subfield>
    <subfield code="7">0</subfield>
    <subfield code="8">NFIC</subfield>
    <subfield code="a">L</subfield>
    <subfield code="b">L</subfield>
    <subfield code="d">2015-09-15</subfield>
    <subfield code="e">BPPD/163/27-8-14/41629/18-9-14/8-10-14</subfield>
    <subfield code="g">150.00</subfield>
    <subfield code="l">0</subfield>
    <subfield code="o">954.07 &#xA1C;&#xA17;&#xA24;&#xA3E;</subfield>
    <subfield code="p">B-578141</subfield>
    <subfield code="r">2015-09-15 00:00:00</subfield>
    <subfield code="t">1</subfield>
    <subfield code="v">150.00</subfield>
    <subfield code="w">2015-09-15</subfield>
    <subfield code="y">PN</subfield>
  </datafield>
  <datafield tag="952" ind1=" " ind2=" ">
    <subfield code="0">0</subfield>
    <subfield code="1">0</subfield>
    <subfield code="2">ddc</subfield>
    <subfield code="4">0</subfield>
    <subfield code="7">0</subfield>
    <subfield code="8">NFIC</subfield>
    <subfield code="a">JP</subfield>
    <subfield code="b">JP</subfield>
    <subfield code="d">2015-09-15</subfield>
    <subfield code="e">BPPD/163/27-8-14/41629/18-9-14/8-10-14</subfield>
    <subfield code="g">150.00</subfield>
    <subfield code="l">2</subfield>
    <subfield code="o">954.07 &#xA1C;&#xA17;&#xA24;&#xA3E;</subfield>
    <subfield code="p">B-578142</subfield>
    <subfield code="r">2024-04-22 00:00:00</subfield>
    <subfield code="s">2024-04-10</subfield>
    <subfield code="t">1</subfield>
    <subfield code="v">150.00</subfield>
    <subfield code="y">PN</subfield>
  </datafield>
  <datafield tag="952" ind1=" " ind2=" ">
    <subfield code="0">0</subfield>
    <subfield code="1">0</subfield>
    <subfield code="2">ddc</subfield>
    <subfield code="4">0</subfield>
    <subfield code="7">0</subfield>
    <subfield code="8">NFIC</subfield>
    <subfield code="a">VP</subfield>
    <subfield code="b">VP</subfield>
    <subfield code="d">2015-09-15</subfield>
    <subfield code="e">BPPD/163/27-8-14/41629/18-9-14/8-10-14</subfield>
    <subfield code="g">150.00</subfield>
    <subfield code="l">0</subfield>
    <subfield code="o">954.07 &#xA1C;&#xA17;&#xA24;&#xA3E;</subfield>
    <subfield code="p">B-578143</subfield>
    <subfield code="r">2015-09-15 00:00:00</subfield>
    <subfield code="t">1</subfield>
    <subfield code="v">150.00</subfield>
    <subfield code="y">PN</subfield>
  </datafield>
  <datafield tag="952" ind1=" " ind2=" ">
    <subfield code="0">0</subfield>
    <subfield code="1">0</subfield>
    <subfield code="2">ddc</subfield>
    <subfield code="4">0</subfield>
    <subfield code="7">0</subfield>
    <subfield code="8">NFIC</subfield>
    <subfield code="a">BL3</subfield>
    <subfield code="b">BL3</subfield>
    <subfield code="d">2015-09-15</subfield>
    <subfield code="e">BPPD/163/27-8-14/41629/18-9-14/8-10-14</subfield>
    <subfield code="g">150.00</subfield>
    <subfield code="l">0</subfield>
    <subfield code="o">954.07 &#xA1C;&#xA17;&#xA24;&#xA3E;</subfield>
    <subfield code="p">B-578144</subfield>
    <subfield code="r">2015-09-15 00:00:00</subfield>
    <subfield code="t">1</subfield>
    <subfield code="v">150.00</subfield>
    <subfield code="y">PN</subfield>
  </datafield>
</record>
